000 00524nam a2200181 a 4500
001 000030663
005 20200930062434.0
008 110525s1944 dr 000 | spa d
040 _aDO-SdBNP
_bspa
_cBNPHU
082 _axxx
_bV648p
100 1 _aVidal, F.
_957251
245 1 0 _aPlanes monetarios /
_cF. Vidal.
260 _aCiudad Trujillo, República Dominicana :
_bMontalvo,
_c1944.
300 _a95 p. ;
_c23 cm.
504 _aIncluye bibliografía.
500 _aIncluye notas al pie de las páginas.
049 _aBNPD
999 _c30155
_d30155